Score 0/31 Timer 08:00
0 Plays Today
% Correct
Bowdoin College
83%
Colby College
81.1%
Bates College
79.2%
Thomas College
26.4%
Husson University
17%
Maine Maritime Academy
13.2%
Unity College
11.3%
College of the Atlantic
9.4%
Andover College
5.7%
Southern Maine Community College (SMCC)
5.7%
University of Maine at Orono (UMO)
5.7%
University of New England (UNE)
5.7%
University of Southern Maine (USM)
5.7%
Beal College
3.8%
Central Maine Community College (CMCC)
3.8%
University of Maine at Farmington (UMF)
3.8%
% Correct
University of Maine at Machias (UMM)
3.8%
Eastern Maine Community College (EMCC)
1.9%
Maine College of Art
1.9%
New England School of Communications
1.9%
Northern Maine Community College
1.9%
University of Maine at Fort Kent (UMFK)
1.9%
University of Maine at Presque Isle (UMPI)
1.9%
York County Community College (YCCC)
1.9%
Bangor Theological Seminary
0%
Central Maine Medical Center School of Nursing
0%
Kennebec Valley Community College (KVCC)
0%
Saint Joseph's College of Maine
0%
Southern New Hampshire University of Maine
0%
University of Maine at Augusta (UMA)
0%
Washington County Community College (WCCC)
0%
Remove Ads.
Support Sporcle.
Get the best of Sporcle when you Go Orange. This ad-free experience offers more features, more stats, and more fun while also helping to support Sporcle. Thank you for becoming a member.

You're not logged in!

Compare scores with friends on all Sporcle quizzes.
OR
Log In

Show Comments

Extras

Top Quizzes Today


Score Distribution

Your Account Isn't Verified!

In order to create a playlist on Sporcle, you need to verify the email address you used during registration. Go to your Sporcle Settings to finish the process.

Report this User

Report this user for behavior that violates our Community Guidelines.

Details: